La famille Renoir - Statistiques

Statistiques générales
  • Ce quiz a été pris 16 fois
  • Le résultat moyen est 4 sur 9
Statistiques - réponses
Hint Réponse % Correct
Monteuse de cinéma (1907-1987) Marguerite
80%
Cinéaste (1894-1979) Jean
73%
Peintre (1841-1919) Auguste
67%
Actrice (1965-) Sophie
67%
Céramiste (1901-1969) Claude
33%
Acteur (1885-1952) Pierre
33%
Ecrivain (1921-2008) Alain
20%
Directeur de la photographie (1913-1993) Claude
13%
Photographe et réalisateur (1942-) Jacques
13%
Aucun quiz correspondant
Distribution des résultats
% des personnes avec chaque résultat
Percentile par nombre de réponses
Votre historique - résultats
Vous n’avez pas pris ce quiz